| 000 | 00825nam a2200205Ia 4500 | ||
|---|---|---|---|
| 999 |
_c38827 _d38827 |
||
| 001 | 5235 | ||
| 003 | GE_BSU | ||
| 005 | 20190515185832.0 | ||
| 008 | 181216s1967||||ge |||||||||||||| ||geo|| | ||
| 040 | _cGE_BSU | ||
| 041 | _ageo | ||
| 080 | _a669.002.3(075.8) ჯ-22 | ||
| 100 |
_aჯანელიძე, ი. _91187 |
||
| 245 |
_aმასალათმცოდნეობა ლითონური მასალები : _bსახელმძღვ. / _cი.ჯანელიძე ; რედ. გ. ნიქაბაძე. |
||
| 264 |
_aთბილისი : _bგანათლება, _c1967. |
||
| 300 |
_a246 გვ. ; _c22 სმ. |
||
| 653 | _aმასალათმცოდნეობა | ||
| 700 |
_aნიქაბაძე, გ. _eრედაქტორი _91188 |
||
| 942 |
_cBK _2udc |
||